[Event "SUI-chT"]
[Site "Switzerland"]
[Date "2022.05.01"]
[Round "1.4"]
[White "Bondar, Yevgen"]
[Black "Loetscher, Roland"]
[Result "1/2-1/2"]
[WhiteElo "2330"]
[BlackElo "2387"]
[PlyCount "79"]
[EventDate "2022.05.01"]
[EventType "team-tourn"]
[EventRounds "9"]
[EventCountry "SUI"]
[SourceTitle "EXT 2023"]
[Source "ChessBase"]
[SourceDate "2022.10.05"]
[SourceVersion "1"]
[SourceVersionDate "2022.10.05"]
[SourceQuality "1"]
[WhiteTeam "Echallens"]
[BlackTeam "Luzern"]
[WhiteTeamCountry "SUI"]
[BlackTeamCountry "SUI"]

1. e4 e5 2. Nf3 Nc6 3. Bc4 Nf6 4. d3 Bc5 5. c3 0-0 6. Bg5 h6 7. Bh4 Be7 8. Nbd2 d6 9. Bb3 Be6 10. 0-0 Nh5 11. Bg3 Nxg3 12. hxg3 Bf6 13. Nc4 g6 14. Ne3 Bg7 15. g4 Qd7 16. Bxe6 fxe6 17. Nh4 Kh7 18. g3 Rf7 19. f4 g5 20. fxg5 hxg5 21. Nf3 Kg6 22. Kg2 Bf6 23. Qd2 Rh8 24. d4 exd4 25. cxd4 Rfh7 26. Rh1 Rxh1 27. Rxh1 Rxh1 28. Kxh1 Qh7+ 29. Kg2 Kh6 30. d5 Ne7 31. Qd3 exd5 32. Nxd5 Qf7 33. b3 Nxd5 34. exd5 Qe7 35. Nd4 Bxd4 36. Qxd4 Qe2+ 37. Kh3 Qf1+ 38. Kh2 Qe2+ 39. Kh3 Qf1+ 40. Kh2 1/2-1/2

[Event "SUI-chT"]
[Site "Switzerland"]
[Date "2018.09.08"]
[Round "6.4"]
[White "Bondar, Yevgen"]
[Black "Breder, Dennis"]
[Result "1/2-1/2"]
[WhiteElo "2344"]
[BlackElo "2458"]
[PlyCount "88"]
[EventDate "2018.03.25"]
[EventType "team-tourn"]
[EventRounds "9"]
[EventCountry "SUI"]
[SourceTitle "EXT 2019"]
[Source "ChessBase"]
[SourceDate "2018.10.10"]
[SourceVersion "1"]
[SourceVersionDate "2018.10.10"]
[SourceQuality "1"]
[WhiteTeam "Echallens"]
[BlackTeam "Riehen"]
[WhiteTeamCountry "SUI"]
[BlackTeamCountry "SUI"]

1. e4 c5 2. c3 d5 3. exd5 Qxd5 4. d4 Nc6 5. Nf3 Nf6 6. dxc5 Qxd1+ 7. Kxd1 e6 8. b4 a5 9. Bb5 Bd7 10. Bb2 Ne4 11. Ke1 axb4 12. Bxc6 bxc6 13. cxb4 Rb8 14. Ba3 Be7 15. Nbd2 Bf6 16. Rc1 Bc3 17. Ke2 Bxb4 18. Rb1 Nc3+ 19. Kd3 Nxb1 20. Rxb1 Ra8 21. Bxb4 Rxa2 22. Ne5 0-0 23. Nxd7 Rd8 24. Nc4 Rxd7+ 25. Nd6 h5 26. Be1 Rda7 27. Rb8+ Kh7 28. Rb6 R7a3+ 29. Bc3 Rxf2 30. Rxc6 h4 31. Nb5 Ra8 32. Rd6 Rb8 33. Kc4 Rxg2 34. Rd2 Rg4+ 35. Rd4 f5 36. h3 Rxd4+ 37. Nxd4 g5 38. Nxe6 g4 39. c6 Kg6 40. Be5 Rc8 41. Kd5 gxh3 42. Kd6 f4 43. Nxf4+ Kf5 44. Nd3 Rxc6+ 1/2-1/2

[Event "SUI-chT"]
[Site "Switzerland"]
[Date "2018.06.10"]
[Round "4.6"]
[White "Vernay, Clovis"]
[Black "Bondar, Yevgen"]
[Result "1-0"]
[WhiteElo "2505"]
[BlackElo "2344"]
[PlyCount "97"]
[EventDate "2018.03.25"]
[EventType "team-tourn"]
[EventRounds "9"]
[EventCountry "SUI"]
[SourceTitle "EXT 2019"]
[Source "ChessBase"]
[SourceDate "2018.10.10"]
[SourceVersion "1"]
[SourceVersionDate "2018.10.10"]
[SourceQuality "1"]
[WhiteTeam "Geneve"]
[BlackTeam "Echallens"]
[WhiteTeamCountry "SUI"]
[BlackTeamCountry "SUI"]

1. d4 Nf6 2. c4 e6 3. Nc3 d5 4. cxd5 exd5 5. Bg5 Nbd7 6. e3 c6 7. Bd3 Be7 8. Nge2 0-0 9. Qc2 Re8 10. h3 Nf8 11. g4 a5 12. 0-0-0 b5 13. Kb1 a4 14. Ng3 Qa5 15. Nce2 a3 16. b3 Qb6 17. Rc1 Bd7 18. Nf5 Bxf5 19. gxf5 Rac8 20. Rhg1 Kh8 21. Nf4 N8d7 22. Qe2 Qa5 23. Rc2 Rg8 24. Rgc1 Qa8 25. f3 Bd6 26. Ng2 Qb7 27. Bf4 Bxf4 28. Nxf4 Rge8 29. Qd2 Nb8 30. Rg1 Qe7 31. Qg2 Rg8 32. e4 dxe4 33. fxe4 Qb4 34. Ne2 Rcd8 35. e5 Nd5 36. Qe4 f6 37. e6 Qe7 38. Rg4 g5 39. fxg6 Rg7 40. Ng3 hxg6 41. Rxg6 f5 42. Qe5 Qc7 43. Rh6+ Kg8 44. Qxc7 Nxc7 45. Nxf5 Rg1+ 46. Rc1 Rxc1+ 47. Kxc1 Re8 48. Rg6+ Kh8 49. Nd6 1-0

[Event "SUI-chT"]
[Site "Switzerland"]
[Date "2018.03.25"]
[Round "1.4"]
[White "Jenni, Florian"]
[Black "Bondar, Yevgen"]
[Result "1-0"]
[WhiteElo "2436"]
[BlackElo "2337"]
[PlyCount "113"]
[EventDate "2018.03.25"]
[EventType "team-tourn"]
[EventRounds "9"]
[EventCountry "SUI"]
[SourceTitle "CBM 183 Extra"]
[Source "ChessBase"]
[SourceDate "2018.04.19"]
[SourceVersion "1"]
[SourceVersionDate "2018.04.19"]
[SourceQuality "1"]
[WhiteTeam "Winterthur"]
[BlackTeam "Echallens"]
[WhiteTeamCountry "SUI"]
[BlackTeamCountry "SUI"]

1. e4 e5 2. Nf3 Nc6 3. Bb5 a6 4. Ba4 Nf6 5. 0-0 b5 6. Bb3 Bb7 7. d3 h6 8. Nc3 d6 9. a4 b4 10. Nd5 Nxd5 11. Bxd5 Rb8 12. d4 Be7 13. Qd3 Nxd4 14. Nxd4 exd4 15. Bxb7 Rxb7 16. Qxa6 Rb8 17. Qc4 c5 18. Bf4 0-0 19. b3 Ra8 20. Rfe1 Re8 21. e5 d5 22. Qd3 Qc8 23. h3 Qa6 24. Qf3 Qe6 25. Rad1 Qf5 26. g4 Qxc2 27. Rc1 Qg6 28. Qxd5 Rad8 29. Qf3 Qe6 30. Qd3 Ra8 31. Kg2 Qd5+ 32. Qf3 Qe6 33. Bg3 Red8 34. Qd3 Qd5+ 35. Kh2 Ra7 36. Rc2 Qe6 37. f4 Qa6 38. Rc4 Qb7 39. f5 Re8 40. f6 Bf8 41. fxg7 Kxg7 42. Bh4 Qd5 43. Bf6+ Kg8 44. g5 Bg7 45. Rg1 h5 46. g6 Rxe5 47. Bxg7 Rg5 48. Rxg5 Qxg5 49. Bxd4 Qf4+ 50. Qg3 Qxg3+ 51. Kxg3 cxd4 52. gxf7+ Kxf7 53. Rxd4 Rb7 54. Kh4 Kg6 55. Rd6+ Kf5 56. Rd5+ Ke4 57. Rb5 1-0

[Event "SUI-chT"]
[Site "Switzerland"]
[Date "2016.10.08"]
[Round "8.3"]
[White "Hort, Vlastimil"]
[Black "Bondar, Yevgen"]
[Result "1/2-1/2"]
[WhiteElo "2427"]
[BlackElo "2370"]
[PlyCount "136"]
[EventDate "2016.03.20"]
[EventType "team-tourn"]
[EventRounds "9"]
[EventCountry "SUI"]
[SourceTitle "EXT 2017"]
[Source "ChessBase"]
[SourceDate "2016.10.25"]
[SourceVersion "1"]
[SourceVersionDate "2016.10.25"]
[SourceQuality "1"]
[WhiteTeam "Reti"]
[BlackTeam "Echallens"]
[WhiteTeamCountry "SUI"]
[BlackTeamCountry "SUI"]

1. e4 e5 2. Nf3 Nc6 3. Bb5 a6 4. Ba4 Nf6 5. 0-0 b5 6. Bb3 Bb7 7. Nc3 Be7 8. d3 d6 9. a3 0-0 10. Re1 Na5 11. Ba2 c5 12. Ne2 Bc8 13. Ng3 Be6 14. Bd2 Bxa2 15. Rxa2 Nc6 16. Ra1 d5 17. Qe2 dxe4 18. dxe4 Qc7 19. Nf5 Rfd8 20. Bg5 Ne8 21. c3 Bxg5 22. Nxg5 h6 23. Nf3 c4 24. a4 Ne7 25. N3h4 Nxf5 26. Nxf5 Nd6 27. Ne3 Qb7 28. f3 Nc8 29. axb5 axb5 30. Rxa8 Qxa8 31. Nd5 Qa7+ 32. Qf2 Rd7 33. Kf1 Ne7 34. Qxa7 Rxa7 35. Nxe7+ Rxe7 36. Rd1 f6 37. Rd8+ Kf7 38. Rb8 Ra7 39. Rxb5 Ra1+ 40. Kf2 Rc1 41. g4 g5 42. Rb6 Rc2+ 43. Kg3 Kg6 44. Rb7 h5 45. gxh5+ Kxh5 46. Rb4 Re2 47. Rb6 Kg6 48. h4 gxh4+ 49. Kxh4 Rh2+ 50. Kg3 Re2 51. Rb5 Kg7 52. Rb4 Kg6 53. Rxc4 Rxb2 54. f4 exf4+ 55. Kxf4 Kf7 56. Rc6 Re2 57. c4 Ke7 58. c5 Rc2 59. Ke3 Kd7 60. Rd6+ Kc7 61. Rd5 Kc6 62. Kd4 Rd2+ 63. Kc4 Rc2+ 64. Kb4 Rb2+ 65. Kc3 Rf2 66. Kd3 Rf1 67. Ke3 Rc1 68. Rd6+ Kc7 1/2-1/2

[Event "Francophone-ch rapid 3rd"]
[Site "Geneve"]
[Date "2016.07.03"]
[Round "13"]
[White "Efimov, Igor"]
[Black "Bondar, Yevgen"]
[Result "1-0"]
[WhiteElo "2374"]
[BlackElo "2357"]
[PlyCount "91"]
[EventDate "2016.07.02"]
[EventType "swiss (rapid)"]
[EventRounds "15"]
[EventCountry "SUI"]
[SourceTitle "CBM 173 Extra"]
[Source "ChessBase"]
[SourceDate "2016.08.29"]
[SourceVersion "1"]
[SourceVersionDate "2016.08.29"]
[SourceQuality "1"]

1. d4 Nf6 2. Bg5 d5 3. Bxf6 exf6 4. e3 c6 5. Nd2 Bd6 6. g3 0-0 7. Bg2 Re8 8. Ne2 Bf5 9. c4 Be4 10. Nxe4 dxe4 11. 0-0 f5 12. Qb3 Qc7 13. Rfd1 Nd7 14. c5 Be7 15. Nc3 Nf6 16. Bf1 Rad8 17. Bc4 Bf8 18. Qa4 a6 19. b4 h5 20. d5 cxd5 21. Nxd5 Nxd5 22. Rxd5 b5 23. Qxa6 bxc4 24. Qxc4 Rxd5 25. Qxd5 Rb8 26. a3 g6 27. Rd1 Qa7 28. c6 Qxa3 29. c7 Rc8 30. Qd7 Rxc7 31. Qxc7 Qxb4 32. Rd8 Qa3 33. Kg2 Qb4 34. Rb8 Qa3 35. Qc4 Qa7 36. Rc8 Qe7 37. Rc7 Qe8 38. Qd5 Kg7 39. h3 Kg8 40. g4 hxg4 41. hxg4 fxg4 42. Rc4 g3 43. Rxe4 Qb8 44. fxg3 Qb2+ 45. Kh3 Qb1 46. Rf4 1-0

[Event "Francophone-ch rapid 3rd"]
[Site "Geneve"]
[Date "2016.07.03"]
[Round "15"]
[White "Leconte, Jean Olivier"]
[Black "Bondar, Yevgen"]
[Result "1/2-1/2"]
[WhiteElo "2262"]
[BlackElo "2357"]
[PlyCount "75"]
[EventDate "2016.07.02"]
[EventType "swiss (rapid)"]
[EventRounds "15"]
[EventCountry "SUI"]
[SourceTitle "CBM 173 Extra"]
[Source "ChessBase"]
[SourceDate "2016.08.29"]
[SourceVersion "1"]
[SourceVersionDate "2016.08.29"]
[SourceQuality "1"]

1. e4 e5 2. Nc3 Nc6 3. Bc4 Nf6 4. d3 Na5 5. a3 Nxc4 6. dxc4 d6 7. f4 exf4 8. Bxf4 Be6 9. Qe2 g6 10. Nf3 Bg7 11. 0-0-0 0-0 12. c5 Nh5 13. Bg5 Qd7 14. Nd5 h6 15. Be3 Bxd5 16. exd5 Rae8 17. cxd6 Qxd6 18. Qd2 Kh7 19. Rhe1 b6 20. Kb1 Qd7 21. c4 Re4 22. Bd4 Rfe8 23. Rxe4 Rxe4 24. Bxg7 Nxg7 25. Qd3 Qe8 26. Rd2 Nf5 27. Ka2 Re3 28. Qc2 Qe7 29. Nd4 Nxd4 30. Rxd4 Qe5 31. Rd2 Qxh2 32. c5 bxc5 33. Qxc5 Qf4 34. Rd4 Re4 35. Rd3 Qd6 36. Qxa7 Re5 37. Qd4 h5 38. a4 1/2-1/2

[Event "Martigny op 24th"]
[Site "Martigny"]
[Date "2015.08.02"]
[Round "4"]
[White "Derakhshani, Dorsa"]
[Black "Bondar, Yevgen"]
[Result "1/2-1/2"]
[WhiteElo "2280"]
[BlackElo "2359"]
[PlyCount "46"]
[EventDate "2015.07.31"]
[EventType "swiss"]
[EventRounds "7"]
[EventCountry "SUI"]
[SourceTitle "EXT 2017"]
[Source "ChessBase"]
[SourceDate "2016.10.25"]
[SourceVersion "1"]
[SourceVersionDate "2016.10.25"]
[SourceQuality "1"]

1. e4 e5 2. Nf3 Nc6 3. Nc3 Nf6 4. d4 exd4 5. Nxd4 Bb4 6. Nxc6 bxc6 7. Bd3 d5 8. exd5 Qe7+ 9. Qe2 Qxe2+ 10. Bxe2 Nxd5 11. Bd2 Nxc3 12. Bxc3 Bxc3+ 13. bxc3 Rb8 14. Bc4 Bf5 15. 0-0-0 0-0 16. Rhe1 Rfe8 17. Re2 Rxe2 18. Bxe2 Be6 19. a3 Kf8 20. Bf3 Rb5 21. Bxc6 Rc5 22. Bd7 Bxd7 23. Rxd7 Rxc3 1/2-1/2

[Event "Martigny op 24th"]
[Site "Martigny"]
[Date "2015.08.01"]
[Round "2"]
[White "Beney, Eddy"]
[Black "Bondar, Yevgen"]
[Result "0-1"]
[WhiteElo "2045"]
[BlackElo "2359"]
[PlyCount "66"]
[EventDate "2015.07.31"]
[EventType "swiss"]
[EventRounds "7"]
[EventCountry "SUI"]
[SourceTitle "EXT 2017"]
[Source "ChessBase"]
[SourceDate "2016.10.25"]
[SourceVersion "1"]
[SourceVersionDate "2016.10.25"]
[SourceQuality "1"]

1. e4 e5 2. Nf3 Nc6 3. d4 exd4 4. Nxd4 Nf6 5. Nxc6 bxc6 6. e5 Qe7 7. Qe2 Nd5 8. c4 Ba6 9. g3 g5 10. h4 g4 11. Qxg4 Qxe5+ 12. Qe2 Qxe2+ 13. Bxe2 Nb6 14. Nd2 Bg7 15. a4 d5 16. cxd5 Bxe2 17. Kxe2 cxd5 18. a5 Nd7 19. Ra4 0-0 20. b4 Rfe8+ 21. Kd1 Rab8 22. Re1 Rxe1+ 23. Kxe1 Bc3 24. Ba3 Ne5 25. Ke2 a6 26. Nb1 Bd4 27. b5 Nc4 28. b6 cxb6 29. axb6 Rxb6 30. Nd2 Re6+ 31. Kd3 Bxf2 32. Nxc4 dxc4+ 33. Rxc4 Re3+ 0-1

[Event "Geneve op 31st"]
[Site "Geneve"]
[Date "2014.08.03"]
[Round "7"]
[White "Bondar, Yevgen"]
[Black "Le Corre, Benjamin"]
[Result "1/2-1/2"]
[WhiteElo "2372"]
[BlackElo "2272"]
[PlyCount "56"]
[EventDate "2014.07.29"]
[EventType "swiss"]
[EventRounds "7"]
[EventCountry "SUI"]
[SourceTitle "CBM 161 Extra"]
[Source "ChessBase"]
[SourceDate "2014.08.29"]
[SourceVersion "1"]
[SourceVersionDate "2014.08.29"]
[SourceQuality "1"]

1. d4 Nf6 2. c4 g6 3. Nc3 Bg7 4. e4 d6 5. Nf3 0-0 6. Be2 e5 7. dxe5 dxe5 8. Qxd8 Rxd8 9. Bg5 Re8 10. Nd5 Nxd5 11. cxd5 c6 12. Bc4 cxd5 13. Bxd5 Nd7 14. 0-0 Nc5 15. Rfd1 h6 16. Be3 Bf8 17. Rac1 Ne6 18. Nxe5 Bg7 19. Nc4 Bf8 20. e5 Rd8 21. Bf3 Rxd1+ 22. Rxd1 Bg7 23. a4 Kf8 24. a5 Ke7 25. Bd5 g5 26. h3 Nc7 27. Bf3 Ne6 28. Bd5 Nc7 1/2-1/2

[Event "Geneve op 31st"]
[Site "Geneve"]
[Date "2014.08.01"]
[Round "4"]
[White "Bondar, Yevgen"]
[Black "Dgebuadze, Alexandre"]
[Result "0-1"]
[WhiteElo "2372"]
[BlackElo "2487"]
[PlyCount "45"]
[EventDate "2014.07.29"]
[EventType "swiss"]
[EventRounds "7"]
[EventCountry "SUI"]
[SourceTitle "CBM 161 Extra"]
[Source "ChessBase"]
[SourceDate "2014.08.29"]
[SourceVersion "1"]
[SourceVersionDate "2014.08.29"]
[SourceQuality "1"]

1. e4 e6 2. d4 d5 3. exd5 exd5 4. Bf4 Nc6 5. Nf3 Bg4 6. Be2 Bd6 7. Bxd6 Qxd6 8. Nc3 Nge7 9. h3 Bxf3 10. Bxf3 0-0-0 11. Qd2 Nf5 12. Bg4 Qe6+ 13. Qe2 Ncxd4 14. Qxe6+ fxe6 15. 0-0-0 h5 16. Rhe1 hxg4 17. hxg4 Rde8 18. gxf5 Nxf5 19. Nb5 Kd7 20. Nd4 Nxd4 21. Rxd4 Ref8 22. f3 Rf6 23. Re2 0-1